Statistics for Straits and the Bodies of Water They Connect

Click here to take the quiz!

General Stats

  • This quiz has been taken 27 times
    (25 since last reset)
  • The average score is 5 of 15

Answer Stats

Hint Answer % Correct
Strait of GibraltarAtlantic Ocean/Mediterranean Sea
90%
Taiwan StraitEast China Sea/South China Sea
57%
Straits of FloridaAtlantic Ocean/Gulf of Mexico
52%
Strait of HormuzGulf of Oman/Persian Gulf
48%
Korea StraitEast China Sea/Sea of Japan
43%
Straits of MagellanAtlantic Ocean/Pacific Ocean
43%
BosporusBlack Sea/Sea of Marmara
29%
Cook StraitPacific Ocean/Tasman Sea
29%
DardanellesAegean Sea/Sea of Marmara
24%
Sunda StraitIndian Ocean/Java Sea
19%
Bab-el-MandebGulf of Aden/Red Sea
19%
Strait of MalaccaAndaman Sea/South China Sea
14%
Strait of OtrantoAdriatic Sea/Ionian Sea
14%
Strait of Juan de FucaPacific Ocean/Puget Sound
5%
Cabot StraitAtlantic Ocean/Gulf of St Lawrence
5%

Score Distribution

Percentile by Number Answered

Percent of People with Each Score

Your Score History

You have not taken this quiz since the last reset